MARC

LEADER 00000nam2a2200000 4500
001 270776
005 20231031225056.0
010 |a 5256008994 
020 |a RU  |b 92-11203 
035 |a (RuTPU)RU\TPU\book\293957 
035 |a RU\TPU\book\174824 
090 |a 270776 
100 |a 20141001d1991 km y0rusy5003 ca 
101 1 |a rus  |c cze 
102 |a RU 
105 |a a z 001zy 
200 0 |a Книга 4 
210 |a Москва  |c Радио и связь  |d 1991 
215 |a 208 с.  |c ил. 
225 1 |a Массовая радиобиблиотека  |v Вып. 1169 
461 1 |0 (RuTPU)RU\TPU\book\174824  |t Конструкции советских и чехословацких радиолюбителей  |o сборник статей  |v Книга 4  |d 1978-   |s Массовая радиобиблиотека 
610 1 |a радиоэлектронная аппаратура самодельная 
610 1 |a конструкции 
610 1 |a радиолюбители 
610 1 |a СССР 
610 1 |a Чехословакия 
610 1 |a усилители мощности 
610 1 |a звуковоспроизведение 
610 1 |a звуковоспроизводящая аппаратура 
610 1 |a музыкальные синтезаторы 
610 1 |a коллективные антенны 
610 1 |a генераторы сигналов 
610 1 |a осциллографы 
610 1 |a охранные системы 
610 1 |a радиоуправляемые модели 
675 |a 621.396.6  |z rus  |v 3 
801 0 |a RU  |b RuMRKP  |c 19950417  |g psbo 
801 1 |a RU  |b 63413507  |c 20090605  |g PSBO 
801 2 |a RU  |b 63413507  |c 20141001  |g PSBO 
942 |c BK